<?xml version="1.0" encoding="UTF-8"?><?xml-stylesheet type="text/xsl" href="static/style.xsl"?><OAI-PMH xmlns="http://www.openarchives.org/OAI/2.0/" xmlns:xsi="http://www.w3.org/2001/XMLSchema-instance" xsi:schemaLocation="http://www.openarchives.org/OAI/2.0/ http://www.openarchives.org/OAI/2.0/OAI-PMH.xsd"><responseDate>2026-04-14T05:50:05Z</responseDate><request verb="GetRecord" identifier="oai:www.recercat.cat:20.500.14342/6081" metadataPrefix="marc">https://recercat.cat/oai/request</request><GetRecord><record><header><identifier>oai:recercat.cat:20.500.14342/6081</identifier><datestamp>2026-03-20T08:01:44Z</datestamp><setSpec>com_2072_482405</setSpec><setSpec>com_2072_183628</setSpec><setSpec>col_2072_482414</setSpec></header><metadata><record xmlns="http://www.loc.gov/MARC21/slim" xmlns:dcterms="http://purl.org/dc/terms/" xmlns:xsi="http://www.w3.org/2001/XMLSchema-instance" xmlns:doc="http://www.lyncode.com/xoai" xsi:schemaLocation="http://www.loc.gov/MARC21/slim http://www.loc.gov/standards/marcxml/schema/MARC21slim.xsd">
   <leader>00925njm 22002777a 4500</leader>
   <datafield ind2=" " ind1=" " tag="042">
      <subfield code="a">dc</subfield>
   </datafield>
   <datafield ind2=" " ind1=" " tag="720">
      <subfield code="a">Romero Alfano, Irene</subfield>
      <subfield code="e">author</subfield>
   </datafield>
   <datafield ind2=" " ind1=" " tag="720">
      <subfield code="a">Martínez, Violeta</subfield>
      <subfield code="e">author</subfield>
   </datafield>
   <datafield ind2=" " ind1=" " tag="720">
      <subfield code="a">Peña, Nathaly</subfield>
      <subfield code="e">author</subfield>
   </datafield>
   <datafield ind2=" " ind1=" " tag="720">
      <subfield code="a">Martínez, Kevin</subfield>
      <subfield code="e">author</subfield>
   </datafield>
   <datafield ind2=" " ind1=" " tag="720">
      <subfield code="a">Castro, Carlos</subfield>
      <subfield code="e">author</subfield>
   </datafield>
   <datafield ind2=" " ind1=" " tag="720">
      <subfield code="a">Velado, Maryory</subfield>
      <subfield code="e">author</subfield>
   </datafield>
   <datafield ind2=" " ind1=" " tag="720">
      <subfield code="a">Carpio, Oscar</subfield>
      <subfield code="e">author</subfield>
   </datafield>
   <datafield ind2=" " ind1=" " tag="720">
      <subfield code="a">Gomez, Cristian</subfield>
      <subfield code="e">author</subfield>
   </datafield>
   <datafield ind2=" " ind1=" " tag="260">
      <subfield code="c">2026-02-01</subfield>
   </datafield>
   <datafield ind2=" " ind1=" " tag="520">
      <subfield code="a">This study presents a comprehensive evaluation and environmental risk assessment (ERA) of pharmaceutical residues in the Cerrón Grande Reservoir, one of the most important surface water bodies in El Salvador. Sampling campaigns were conducted over a one-year period, covering both the dry (January 2024) and rainy (July 2024) seasons. A total of 76 pharmaceutical compounds were analyzed using liquid chromatography-tandem mass spectrometry (LC-MS/MS), of which only five were not detected. During the dry season, the highest environmental concentrations were observed for mecamylamine (1710–6913 µg L−1), 1,7-dimethylxanthine (379–2829 µg L−1), chloroquine (2.29–362.7 µg L−1), and hydroxychloroquine (5.02–315.4 µg L−1). Concentrations generally decreased in the rainy season, with mecamylamine (1526–2198 µg L−1), 1,7-dimethylxanthine (0.018–0.55 µg L−1), and caffeine (0.2–0.474 µg L−1) remaining the most prevalent. Compounds exceeding 1 µg L−1 were assessed using predicted no-effect concentrations (PNEC) to calculate risk quotients (RQ). Chloroquine (RQ = 3346.3), mecamylamine (RQ = 1437.8), hydroxychloroquine (RQ = 1027.2), and manidipine (RQ = 271.0) posed the highest risks during the dry season, while only mecamylamine (RQ = 502.0) exceeded this threshold in the rainy season. To our knowledge, this represents the first in-depth study of pharmaceutical residues in Salvadoran surface waters, providing a foundational reference for future research and environmental policy in the region.</subfield>
   </datafield>
   <datafield ind1="8" ind2=" " tag="024">
      <subfield code="a">1420-3049</subfield>
   </datafield>
   <datafield ind1="8" ind2=" " tag="024">
      <subfield code="a">https://hdl.handle.net/20.500.14342/6081</subfield>
   </datafield>
   <datafield ind1="8" ind2=" " tag="024">
      <subfield code="a">https://doi.org/10.3390/molecules31030455</subfield>
   </datafield>
   <datafield tag="653" ind2=" " ind1=" ">
      <subfield code="a">Cerrón Grande</subfield>
   </datafield>
   <datafield tag="653" ind2=" " ind1=" ">
      <subfield code="a">Direct injection</subfield>
   </datafield>
   <datafield tag="653" ind2=" " ind1=" ">
      <subfield code="a">Drugs</subfield>
   </datafield>
   <datafield tag="653" ind2=" " ind1=" ">
      <subfield code="a">Drug residues</subfield>
   </datafield>
   <datafield tag="653" ind2=" " ind1=" ">
      <subfield code="a">Risk assessment</subfield>
   </datafield>
   <datafield tag="653" ind2=" " ind1=" ">
      <subfield code="a">Medicaments</subfield>
   </datafield>
   <datafield tag="653" ind2=" " ind1=" ">
      <subfield code="a">Residus</subfield>
   </datafield>
   <datafield tag="653" ind2=" " ind1=" ">
      <subfield code="a">Medi ambient--Avaluació del risc</subfield>
   </datafield>
   <datafield ind2="0" ind1="0" tag="245">
      <subfield code="a">First Evidence of Pharmaceutical Residues in the Cerrón Grande Reservoir, El Salvador</subfield>
   </datafield>
</record></metadata></record></GetRecord></OAI-PMH>